000 004300000a22001810004500
003 MACL
005 20150826155229.0
008 150826b xxu||||| |||| 00| 0 eng d
040 _aMACL
_cMACL
041 _aEnglish
082 _a780/NAI
100 _aNair Rajeev
_97649
245 _aHindustani Music
260 _bIndia Log Publications
_aNew Delhi
350 _a350.00
650 _aMusic
_97650
942 _cBK
_k780/NAI
_2ddc
999 _c42126
_d42126